000 00303nam a22001337a 4500
008 190304b xxu||||| |||| 00| 0 eng d
020 _a9780131714731
041 _aeng
080 _22nd
_a615
100 _a5
101 _aFAR
245 _aCore Concepts in Pharmacology
_cHolland,N
942 _2udc
_cBK
999 _c54392
_d54392